Las fronteras de la violencia cultural: del estigma tolerable al estigma intolerable /
El presente documento tiene por objetivo, con base en un estudio de caso en escuelas de educación básica, mostrar cómo se cristaliza la violencia cultural hacia niños invidentes. Dicha cristalización pasa por dos referentes de interacción y relación social al interior del espacio escolar. El primero...
Guardado en:
| 主要作者: | |
|---|---|
| 格式: | Texto |
| 主題: | |
| 標簽: |
添加標簽
沒有標簽, 成為第一個標記此記錄!
|
MARC
| LEADER | 00000 a a2200000 04500 | ||
|---|---|---|---|
| 001 | 40854 | ||
| 003 | |||
| 040 | |||
| 100 | |a Arteaga Botello, Nelson | ||
| 245 | |a Las fronteras de la violencia cultural: |b del estigma tolerable al estigma intolerable / |c Nelson Arteaga Botello | ||
| 520 | |a El presente documento tiene por objetivo, con base en un estudio de caso en escuelas de educación básica, mostrar cómo se cristaliza la violencia cultural hacia niños invidentes. Dicha cristalización pasa por dos referentes de interacción y relación social al interior del espacio escolar. El primero está constituido por parámetros de normalidad y anormalidad a partir de la localización de estigmas. El segundo encuentra, a contrapelo de la tendencia anterior, tratando de diluir los efectos de los estigmas al señalarlos como una práctica de tipificación social intolerable o inaceptable. | ||
| 590 | |a RRA/ENERO2012 | ||
| 650 | |a 1.DISCAPACIDAD | ||
| 650 | |a 2.VIOLENCIA | ||
| 650 | |a 3.DISCRIMINACION | ||
| 650 | |a 4.ESCUELAS PRIMARIAS | ||
| 650 | |a 5.ESTUDIOS DE CASOS | ||
| 773 | |g volumen13, número41 ( , 2006), páginas 65-86 | ||
| 999 | |c 29851 |d 29851 | ||
